000 00524nam a2200181Ia 4500
001 21266
003 GE_BSU
008 181216s||||||||xx |||||||||||||| ||und||
040 _cGE_BSU
245 _aВопросы философии, №8. 2017.
245 _cГл.ред.Пружинин Борис Исаевич и др.
260 _aМосква
260 _c2017
300 _a224 стр. 26см.
653 _aВопросы философии. №8. 2017.
653 _aპერიოდიკა
942 _cCR
999 _c54210
_d54210